[Event "2BLO 2122 SC Erlangen - MSA Zugzwang"]
[Site "?"]
[Date "2022.03.06"]
[Round "2.4"]
[White "Schulz, Lukas"]
[Black "Bromberger, Stefan"]
[Result "0-1"]
[WhiteElo "2301"]
[BlackElo "2483"]
[PlyCount "80"]
[EventDate "2022.??.??"]

1. e4 c6 2. Nc3 d5 3. d4 dxe4 4. h3 Nf6 5. g4 g6 6. Bg2 Bg7 7. Nge2 O-O 8. O-O
Na6 9. g5 Nh5 10. Nxe4 Bf5 11. N4g3 Nxg3 12. Nxg3 Qxd4 13. Nxf5 gxf5 14. c3 Qe5
15. Qf3 e6 16. Rd1 Rfd8 17. Bf4 Qb5 18. Rxd8+ Rxd8 19. Rd1 Rd5 20. b3 Qc5 21.
c4 Rxd1+ 22. Qxd1 Qd4 23. Qc1 Nb4 24. Be3 Qd6 25. a3 Na2 26. Qd2 Qxd2 27. Bxd2
Bb2 28. a4 Bc1 29. Bxc1 Nxc1 30. b4 Ne2+ 31. Kh2 Nf4 32. Bf1 e5 33. Kg3 b6 34.
c5 bxc5 35. bxc5 Ne6 36. Bg2 e4 37. f3 f4+ 38. Kg4 e3 39. Bf1 a5 40. h4 Kg7 0-1

[Event "2BLO 2122 SC Erlangen - MSA Zugzwang"]
[Site "?"]
[Date "2022.03.06"]
[Round "2.5"]
[White "Kindermann, Stefan"]
[Black "Hilverda, Alexander"]
[Result "0-1"]
[WhiteElo "2469"]
[BlackElo "2282"]
[PlyCount "96"]
[EventDate "2022.??.??"]

1. d4 d5 2. Nf3 Nf6 3. g3 Bf5 4. Bg2 e6 5. c4 c6 6. Nc3 Nbd7 7. Qb3 Qb6 8. c5
Qxb3 9. axb3 a6 10. b4 Be7 11. h3 h6 12. g4 Bh7 13. Bf4 O-O 14. Nd2 Ne8 15. h4
g5 16. hxg5 hxg5 17. Bg3 Bf6 18. Nf3 Rc8 19. O-O-O Nc7 20. Bd6 Rfe8 21. Ne5
Nxe5 22. dxe5 Bg7 23. e3 Nb5 24. Nxb5 axb5 25. f4 f6 26. Kd2 Ra8 27. Ra1 Bg6
28. Ra5 Rxa5 29. bxa5 Kf7 30. Rf1 Kg8 31. b4 gxf4 32. exf4 fxe5 33. fxe5 Bh6+
34. Ke2 Bg5 35. Ra1 Ra8 36. Rd1 Bc2 37. Rf1 Kg7 38. Bf3 Kg6 39. Ra1 Kg7 40. Ra3
Ra6 41. Ra2 Bb1 42. Ra1 Bg6 43. Ra3 Ra8 44. Bg2 Rh8 45. a6 bxa6 46. Rxa6 Be4
47. Bxe4 dxe4 48. Kf1 Rh2 0-1

[Event "2BLO 2122 SC Erlangen - MSA Zugzwang"]
[Site "?"]
[Date "2022.03.06"]
[Round "2.6"]
[White "Ott, Florian"]
[Black "Zysk, Robert"]
[Result "0-1"]
[WhiteElo "2287"]
[BlackElo "2397"]
[PlyCount "96"]
[EventDate "2022.??.??"]

1. d4 e6 2. c4 Bb4+ 3. Nc3 c5 4. d5 Bxc3+ 5. bxc3 e5 6. e4 d6 7. Bd3 Ne7 8. f4
exf4 9. Bxf4 Ng6 10. Bg3 h5 11. h3 Qg5 12. Bxd6 Qxg2 13. Qf3 Qg5 14. Bxc5 Ne5
15. Qe2 Nbd7 16. Bd4 b6 17. h4 Qg3+ 18. Kd2 Ba6 19. Rh3 Qf4+ 20. Kc2 Nxd3 21.
Qxd3 Ne5 22. Qe3 Qxe3 23. Rxe3 Ng4 24. Rg3 Bxc4 25. Bxg7 Rg8 26. Bd4 f5 27.
exf5 O-O-O 28. Nh3 Rxd5 29. Rf3 Ne5 30. Rf2 Bd3+ 31. Kd2 Rg3 32. Bxe5 Bxf5+ 33.
Bd4 Rxh3 34. Re1 Rxh4 35. Re7 Bd7 36. Rh7 Rh3 37. a4 Kc7 38. Rff7 Kc6 39. a5
Rxa5 40. c4 Ra2+ 41. Ke1 Rh1+ 42. Rf1 Rxf1+ 43. Kxf1 Bh3+ 44. Kg1 Bg4 45. Rh6+
Kd7 46. c5 bxc5 47. Bxc5 a5 48. Rd6+ Kc7 0-1

[Event "2BLO 2122 SC Erlangen - MSA Zugzwang"]
[Site "?"]
[Date "2022.03.06"]
[Round "2.7"]
[White "Gerigk, Erasmus"]
[Black "Liepold, Stefan"]
[Result "1-0"]
[WhiteElo "2322"]
[BlackElo "2188"]
[PlyCount "61"]
[EventDate "2022.??.??"]

1. e4 e6 2. d4 d5 3. Nd2 c5 4. Ngf3 Nf6 5. e5 Ne4 6. Bd3 Nxd2 7. Qxd2 Nc6 8.
Qf4 Nb4 9. a3 Nxd3+ 10. cxd3 Bd7 11. O-O Rc8 12. dxc5 Bxc5 13. b4 Be7 14. Be3
b6 15. Qg3 Kf8 16. Rfc1 h6 17. Nd4 Kg8 18. Rxc8 Qxc8 19. Rc1 Qa6 20. Rc7 Qa4
21. Qf3 Bd8 22. Rb7 Kh7 23. h3 Rf8 24. b5 Bc8 25. Rxf7 Rxf7 26. Qxf7 Qd1+ 27.
Kh2 Qxd3 28. g3 Qxa3 29. Nc6 d4 30. Bxd4 Bg5 31. f4 1-0

[Event "2BLO 2122 SC Erlangen - MSA Zugzwang"]
[Site "?"]
[Date "2022.03.06"]
[Round "2.8"]
[White "Willim, Michael"]
[Black "Lammers, Markus"]
[Result "1/2-1/2"]
[WhiteElo "2097"]
[BlackElo "2300"]
[PlyCount "90"]
[EventDate "2022.??.??"]

1. d4 Nf6 2. c4 c5 3. d5 e6 4. Nc3 exd5 5. cxd5 d6 6. Nf3 g6 7. Nd2 a6 8. a4
Nbd7 9. e4 Bg7 10. Be2 O-O 11. O-O Re8 12. Re1 Rb8 13. Bf1 Nh5 14. g3 Ne5 15.
Be2 f5 16. f4 Ng4 17. Bxg4 fxg4 18. a5 Bd4+ 19. Kg2 Nf6 20. Ne2 Nxe4 21. Nxd4
Nxd2 22. Bxd2 cxd4 23. Bb4 Rxe1 24. Bxe1 Qf6 25. Ra4 Bf5 26. Qxd4 Qxd4 27. Rxd4
Rc8 28. Bc3 Kf7 29. Kf2 Ke7 30. Rb4 Rc7 31. Ke3 Kd8 32. Rb6 Re7+ 33. Kd2 Kc7
34. Bb4 Rd7 35. Kc3 Be4 36. Kd4 Bf3 37. Ba3 Bd1 38. Bb4 Bc2 39. Ba3 Bb1 40. Bb4
Ba2 41. Bc3 h6 42. Bb4 Bb1 43. Ba3 g5 44. fxg5 hxg5 45. Bb4 Bf5 1/2-1/2

[Event "2BLO 2122 SV Deggendorf - FC Bayern Mü"]
[Site "?"]
[Date "2022.03.06"]
[Round "2.1"]
[White "Belezky, Alexander"]
[Black "Sedlak, Nikola"]
[Result "1/2-1/2"]
[WhiteElo "2348"]
[BlackElo "2503"]
[PlyCount "99"]
[EventDate "2022.??.??"]

1. Nf3 d5 2. g3 Nc6 3. d4 Bf5 4. Bg2 Nb4 5. Na3 e6 6. c3 Nc6 7. Qa4 Bxa3 8.
Qxa3 Be4 9. O-O h6 10. Re1 Nf6 11. Bf1 a5 12. Nd2 Bh7 13. Bg2 a4 14. f3 Ne7 15.
e4 O-O 16. exd5 Nexd5 17. Ne4 b5 18. Be3 Bxe4 19. fxe4 Nxe3 20. Rxe3 e5 21. Rd1
Qb8 22. Qc5 Re8 23. h3 c6 24. Kh2 h5 25. Kh1 Ra7 26. Rde1 Rae7 27. d5 Rc7 28.
dxc6 Re6 29. Bf1 Rcxc6 30. Qb4 Rb6 31. Rd1 Kh7 32. Red3 Qb7 33. Bg2 Rec6 34. b3
axb3 35. axb3 Rc8 36. Rd6 Rxd6 37. Rxd6 Qa7 38. Rd3 Qf2 39. Qxb5 Qe1+ 40. Kh2
Ra8 41. Qxe5 Ra1 42. Qd4 Ra2 43. Qe3 Qf1 44. Rd2 Rxd2 45. Qxd2 Qb5 46. b4 h4
47. g4 Qe5+ 48. Kg1 Qg3 49. c4 Nxe4 50. Qc2 1/2-1/2

[Event "2BLO 2122 SV Deggendorf - FC Bayern Mü"]
[Site "?"]
[Date "2022.03.06"]
[Round "2.2"]
[White "Delchev, Aleksander"]
[Black "Zajogin, Alexander"]
[Result "1/2-1/2"]
[WhiteElo "2492"]
[BlackElo "2399"]
[PlyCount "52"]
[EventDate "2022.??.??"]

1. d4 Nf6 2. c4 e6 3. Nf3 Bb4+ 4. Bd2 a5 5. a3 Bxd2+ 6. Qxd2 O-O 7. Nc3 d6 8.
e4 Nfd7 9. Bd3 e5 10. O-O exd4 11. Nxd4 Nc6 12. Nxc6 bxc6 13. b4 axb4 14. axb4
Bb7 15. Bc2 c5 16. bxc5 Nxc5 17. Nd5 Bxd5 18. Qxd5 Rxa1 19. Rxa1 Qf6 20. e5
Qxe5 21. Qxe5 dxe5 22. Ra5 Ne6 23. Rxe5 Rd8 24. g3 Rd4 25. Bf5 Rxc4 26. Bxe6
fxe6 1/2-1/2

[Event "2BLO 2122 SV Deggendorf - FC Bayern Mü"]
[Site "?"]
[Date "2022.03.06"]
[Round "2.3"]
[White "Grafl, Florian"]
[Black "Stojanovic, Dalibor"]
[Result "0-1"]
[WhiteElo "2343"]
[BlackElo "2481"]
[PlyCount "78"]
[EventDate "2022.??.??"]

1. b3 Nf6 2. Bb2 g6 3. Bxf6 exf6 4. c4 f5 5. Nc3 d6 6. g3 Nd7 7. Bg2 Nf6 8. e3
h5 9. Qc2 h4 10. d4 c6 11. Nge2 Bh6 12. b4 Bd7 13. a4 O-O 14. O-O Be6 15. Qd3
Rc8 16. a5 d5 17. cxd5 cxd5 18. Na4 Rc4 19. Qa3 Qd6 20. Nc5 b6 21. axb6 axb6
22. Nd3 hxg3 23. hxg3 Rfc8 24. Rfc1 Bf8 25. Nc3 Ne4 26. Na2 Bh6 27. Ne5 Rc2 28.
Rxc2 Rxc2 29. Rc1 Qc7 30. Bxe4 fxe4 31. Nc3 Rxc1+ 32. Qxc1 Bg7 33. Qd2 Bf8 34.
b5 Bd6 35. Kh2 f6 36. Nc6 Qh7+ 37. Kg1 Qh3 38. Ne2 Bg4 39. Qa2 Bf3 0-1

[Event "2BLO 2122 SV Deggendorf - FC Bayern Mü"]
[Site "?"]
[Date "2022.03.06"]
[Round "2.4"]
[White "Bogosavljevic, Boban"]
[Black "Unzicker, Ferdinand"]
[Result "1-0"]
[WhiteElo "2520"]
[BlackElo "2325"]
[PlyCount "83"]
[EventDate "2022.??.??"]

1. Nf3 d5 2. g3 c6 3. Bg2 Bg4 4. O-O e6 5. d4 Nd7 6. Nbd2 f5 7. c4 Bd6 8. Qb3
Rb8 9. h3 Bh5 10. Re1 Ngf6 11. cxd5 cxd5 12. Ng5 Qe7 13. g4 fxg4 14. e4 e5 15.
exd5 O-O 16. Nc4 e4 17. h4 h6 18. Ne6 Rfe8 19. Nxd6 Qxd6 20. Bf4 Qxd5 21. Bxb8
Qxb3 22. axb3 Rxe6 23. Bxa7 Bf7 24. d5 Re5 25. d6 Bxb3 26. Be3 Bd5 27. Red1 Bc6
28. Ra8+ Kf7 29. Bf1 Ke6 30. Bd4 Rf5 31. Bc3 Rh5 32. Bc4+ Bd5 33. Bxd5+ Rxd5
34. Rxd5 Kxd5 35. Bxf6 Nxf6 36. Rg8 Kxd6 37. Rxg7 Ke5 38. Rxb7 Nd5 39. Rh7 e3
40. fxe3 Ke4 41. Rxh6 Kf3 42. Rd6 1-0

[Event "2BLO 2122 SV Deggendorf - FC Bayern Mü"]
[Site "?"]
[Date "2022.03.06"]
[Round "2.5"]
[White "Hoeglauer, Patrick"]
[Black "Popovic, Dusan"]
[Result "0-1"]
[WhiteElo "2273"]
[BlackElo "2479"]
[PlyCount "68"]
[EventDate "2022.??.??"]

1. e4 c5 2. Nf3 d6 3. d4 cxd4 4. Nxd4 Nf6 5. Nc3 a6 6. Be3 e5 7. Nb3 Be7 8. h3
h6 9. f4 Nbd7 10. g4 b5 11. Bg2 Bb7 12. g5 hxg5 13. fxg5 Nh5 14. Qg4 Nb6 15.
Na5 Bc8 16. Qh4 Qc7 17. O-O Bd8 18. Rad1 b4 19. Ne2 g6 20. c3 Nc4 21. Nxc4 Qxc4
22. Qf2 bxc3 23. Rxd6 Be6 24. Nxc3 Nf4 25. Nd5 Bxd5 26. Bxf4 exf4 27. Rxd5 O-O
28. Qxf4 Qxa2 29. e5 Rb8 30. e6 Bb6+ 31. Kh1 fxe6 32. Qc1 Rxf1+ 33. Qxf1 exd5
34. Qf6 Qb1+ 0-1

[Event "2BLO 2122 SV Deggendorf - FC Bayern Mü"]
[Site "?"]
[Date "2022.03.06"]
[Round "2.6"]
[White "Dudin, Gleb"]
[Black "Schenk, Andreas"]
[Result "1-0"]
[WhiteElo "2477"]
[BlackElo "2431"]
[PlyCount "125"]
[EventDate "2022.??.??"]

1. d4 Nf6 2. c4 e6 3. g3 c5 4. d5 exd5 5. cxd5 d6 6. Nc3 g6 7. Bg2 Bg7 8. Nf3
O-O 9. O-O Re8 10. Nd2 a6 11. a4 Nbd7 12. h3 Rb8 13. Nc4 Ne5 14. Na3 Nh5 15. e4
Bd7 16. f4 Nxg3 17. fxe5 Bxe5 18. Bf4 Nxf1 19. Qxf1 Bxf4 20. Qxf4 b5 21. axb5
axb5 22. Nc2 b4 23. Ne2 Qe7 24. Ne3 Ra8 25. Re1 Ra6 26. Ng3 Rea8 27. Ngf1 Kg7
28. Nc4 f6 29. Kh2 Bb5 30. Nfe3 Rd8 31. Bf1 Bxc4 32. Nxc4 Rda8 33. h4 Ra1 34.
Rxa1 Rxa1 35. Bh3 Ra6 36. Bc8 Ra8 37. Be6 Rd8 38. h5 Kh8 39. Kg2 gxh5 40. Kf2
h4 41. Qxh4 Qg7 42. Qh2 Qg5 43. Bf5 h6 44. Kf3 Rg8 45. Be6 Rg6 46. Ne3 b3 47.
Bf5 Rg8 48. Qxd6 c4 49. Qc7 Rg7 50. Qxc4 Qg3+ 51. Ke2 Qh2+ 52. Kd3 Qxb2 53.
Qc8+ Rg8 54. Qc3 Qb1+ 55. Kc4 Rg7 56. Qxf6 Qc1+ 57. Kd3 Qh1 58. Qf8+ Rg8 59.
Qf6+ Rg7 60. d6 Qb1+ 61. Ke2 Qa2+ 62. Kf3 Qh2 63. d7 1-0

[Event "2BLO 2122 SV Deggendorf - FC Bayern Mü"]
[Site "?"]
[Date "2022.03.06"]
[Round "2.7"]
[White "Webersberger, Johann"]
[Black "Krstic, Petar"]
[Result "1/2-1/2"]
[WhiteElo "2321"]
[BlackElo "2303"]
[PlyCount "58"]
[EventDate "2022.??.??"]

1. e4 c6 2. d4 d5 3. e5 c5 4. dxc5 e6 5. Nf3 Bxc5 6. Bd3 Ne7 7. Qe2 Nbc6 8. c3
Ng6 9. O-O O-O 10. Be3 Qb6 11. Bxc5 Qxc5 12. Bxg6 fxg6 13. Nbd2 Bd7 14. Nb3 Qe7
15. Qe3 h6 16. Nfd4 g5 17. Nxc6 Bxc6 18. Nd4 Rf4 19. f3 Raf8 20. g3 R4f7 21.
Kg2 Qe8 22. Rf2 Re7 23. Rd1 Bd7 24. Rdd2 Qh5 25. h3 Qg6 26. Qd3 Qe8 27. Qe3 Qg6
28. Qd3 Qe8 29. Qe3 Qg6 1/2-1/2

[Event "2BLO 2122 SV Deggendorf - FC Bayern Mü"]
[Site "?"]
[Date "2022.03.06"]
[Round "2.8"]
[White "Kuznecovs, Nikita"]
[Black "Mai, Philipp"]
[Result "1/2-1/2"]
[WhiteElo "2267"]
[BlackElo "2292"]
[PlyCount "102"]
[EventDate "2022.??.??"]

1. Nf3 d6 2. d4 Nf6 3. Bf4 g6 4. e3 Bg7 5. Be2 Nh5 6. Bg5 h6 7. Bh4 g5 8. Nfd2
Nf4 9. exf4 gxh4 10. c3 c5 11. dxc5 dxc5 12. Bg4 Nd7 13. Nf3 Qc7 14. Qd2 Bf6
15. Na3 Rg8 16. Bh3 Nb6 17. O-O-O Bxh3 18. gxh3 Nd7 19. Nb5 Qc6 20. Qe2 Kf8 21.
Ne5 Nxe5 22. fxe5 Bg5+ 23. Kb1 a6 24. Na3 Bf4 25. Rhe1 b5 26. Nc2 Rg5 27. e6
fxe6 28. Rg1 e5 29. Rg4 Kf7 30. Ne1 Rxg4 31. hxg4 Bxh2 32. Nf3 Bf4 33. Nxh4 Rg8
34. f3 e6 35. Qd3 c4 36. Qe2 a5 37. Qf2 Qb7 38. Ng2 Bg5 39. Ne3 Kg7 40. Rd6 Rf8
41. Qh2 Bf4 42. Qf2 Qc7 43. Ra6 Rf7 44. a4 b4 45. cxb4 axb4 46. Rxe6 Qd7 47.
Nf5+ Rxf5 48. gxf5 Qd1+ 49. Ka2 Qxa4+ 50. Kb1 Qd1+ 51. Ka2 Qa4+ 1/2-1/2

[Event "2BLO 2122 SC Erlangen - Erfurter SK"]
[Site "?"]
[Date "2022.04.30"]
[Round "3.1"]
[White "Romanov, Evgeny"]
[Black "Miller, Eduard"]
[Result "1-0"]
[WhiteElo "2573"]
[BlackElo "2344"]
[PlyCount "61"]
[EventDate "2022.??.??"]

1. e4 c5 2. Nf3 Nc6 3. Bb5 Nd4 4. Nxd4 cxd4 5. a4 a6 6. Bd3 e6 7. Na3 b5 8. O-O
Bb7 9. c3 Nf6 10. Re1 Qb6 11. Nc2 dxc3 12. dxc3 Bc5 13. Qe2 bxa4 14. Rxa4 Bc6
15. Ra1 a5 16. b4 axb4 17. cxb4 Be7 18. Be3 Qb8 19. b5 Bxe4 20. Bxe4 Rxa1 21.
Rxa1 Nxe4 22. b6 O-O 23. Qb5 Rd8 24. g3 Nd6 25. Qb3 Nb7 26. Ra7 Rc8 27. Qd3 Nc5
28. Qb5 Qe5 29. b7 Rf8 30. Bf4 Qd5 31. b8=Q 1-0

[Event "2BLO 2122 SC Erlangen - Erfurter SK"]
[Site "?"]
[Date "2022.04.30"]
[Round "3.2"]
[White "Mijovic, Stefan"]
[Black "Mihok, Oliver"]
[Result "1/2-1/2"]
[WhiteElo "2397"]
[BlackElo "2539"]
[PlyCount "65"]
[EventDate "2022.??.??"]

1. c4 Nf6 2. Nf3 g6 3. g3 Bg7 4. Bg2 O-O 5. O-O c5 6. Nc3 Nc6 7. d4 cxd4 8.
Nxd4 d6 9. Nxc6 bxc6 10. Bxc6 Rb8 11. Bg2 Qa5 12. Qc2 Bb7 13. Bd2 Bxg2 14. Kxg2
Rfc8 15. b3 d5 16. Rab1 Qa6 17. Qd3 Rd8 18. cxd5 Qxd3 19. exd3 Nxd5 20. Nxd5
Rxd5 21. Be3 Rxd3 22. Bxa7 Ra8 23. Bc5 Rxa2 24. b4 Bd4 25. Bxd4 Rxd4 26. b5 Kf8
27. b6 Ra8 28. b7 Rb8 29. Rfc1 Ke8 30. Rc8+ Rd8 31. Rc7 Rd7 32. Rc8+ Rd8 33.
Rc7 {(=)} 1/2-1/2

[Event "2BLO 2122 SC Erlangen - Erfurter SK"]
[Site "?"]
[Date "2022.04.30"]
[Round "3.3"]
[White "Votava, Jan"]
[Black "Schulz, Lukas"]
[Result "1/2-1/2"]
[WhiteElo "2485"]
[BlackElo "2286"]
[PlyCount "37"]
[EventDate "2022.??.??"]

1. d4 Nf6 2. Nf3 g6 3. c4 Bg7 4. Nc3 O-O 5. g3 d6 6. Bg2 Nbd7 7. O-O e5 8. e3
Nh5 9. e4 c6 10. Be3 Qe8 11. Qc2 f5 12. exf5 gxf5 13. Rae1 e4 14. Ng5 Ndf6 15.
d5 h6 16. Nh3 Ng4 17. Bd2 c5 18. Nb5 Qg6 19. b3 1/2-1/2

[Event "2BLO 2122 SC Erlangen - Erfurter SK"]
[Site "?"]
[Date "2022.04.30"]
[Round "3.4"]
[White "Hilverda, Alexander"]
[Black "Haba, Petr"]
[Result "0-1"]
[WhiteElo "2303"]
[BlackElo "2448"]
[PlyCount "102"]
[EventDate "2022.??.??"]

1. d4 d5 2. c4 c6 3. Nf3 Nf6 4. Nc3 e6 5. g3 dxc4 6. Bg2 Nbd7 7. O-O b5 8. e4
b4 9. Na4 Be7 10. Bg5 Ba6 11. e5 Nd5 12. Bxe7 Qxe7 13. Nd2 c3 14. Ne4 Bxf1 15.
Nd6+ Kf8 16. Qxf1 N7b6 17. Nxb6 axb6 18. bxc3 bxc3 19. Qc4 Qd7 20. Bxd5 cxd5
21. Qxc3 g6 22. Rb1 Rb8 23. Qc1 Kg7 24. Rb3 Rhf8 25. Rc3 Rb7 26. g4 Kg8 27.
Nxb7 Qxb7 28. h4 Qe7 29. h5 Qb4 30. Qe3 Qb1+ 31. Kg2 gxh5 32. Rd3 h6 33. gxh5
Kh7 34. Qe2 Rg8+ 35. Rg3 Rg5 36. Rxg5 hxg5 37. Qf3 Qf5 38. Kg3 Kh6 39. Qg4 Qd3+
40. Kh2 Qe4 41. Kg3 Qh1 42. Qe2 Qh4+ 43. Kg2 Qe4+ 44. Qxe4 dxe4 45. Kf1 Kxh5
46. Ke2 Kg4 47. Ke3 Kf5 48. a4 g4 49. Kd2 Kf4 50. Ke2 e3 51. fxe3+ Ke4 0-1

[Event "2BLO 2122 SC Erlangen - Erfurter SK"]
[Site "?"]
[Date "2022.04.30"]
[Round "3.5"]
[White "Enders, Peter"]
[Black "Liepold, Stefan"]
[Result "1/2-1/2"]
[WhiteElo "2437"]
[BlackElo "2176"]
[PlyCount "100"]
[EventDate "2022.??.??"]

1. e4 e6 2. d4 d5 3. Nc3 Bb4 4. e5 Ne7 5. a3 Bxc3+ 6. bxc3 b6 7. Qg4 Ng6 8. h4
h5 9. Qg3 Ba6 10. Bxa6 Nxa6 11. Ne2 Qd7 12. Bg5 Nb8 13. O-O Nc6 14. Qd3 Nge7
15. c4 dxc4 16. Qxc4 O-O-O 17. a4 Kb8 18. Rfd1 Rc8 19. Qb3 Na5 20. Qf3 Nd5 21.
Rac1 f6 22. exf6 gxf6 23. Bd2 Nc4 24. a5 Rcg8 25. axb6 cxb6 26. Bf4+ Kb7 27.
Bg3 Qc6 28. Nf4 Rg4 29. Nxd5 exd5 30. Re1 Re4 31. Rxe4 dxe4 32. Qf5 e3 33. d5
exf2+ 34. Kh2 Qc8 35. Qxf2 Rg8 36. Qxf6 Qg4 37. Qf4 Qxf4 38. Bxf4 a5 39. Bg5 a4
40. g4 Ne5 41. gxh5 Nf3+ 42. Kg3 Nxg5 43. hxg5 Rxg5+ 44. Kh4 Rxd5 45. h6 Rd4+
46. Kg5 Rd5+ 47. Kg6 Rd6+ 48. Kg7 Rd7+ 49. Kf8 Rd8+ 50. Kf7 Rd7+ 1/2-1/2

[Event "2BLO 2122 SC Erlangen - Erfurter SK"]
[Site "?"]
[Date "2022.04.30"]
[Round "3.6"]
[White "Willim, Michael"]
[Black "Scheftlein, Richard"]
[Result "0-1"]
[WhiteElo "2106"]
[BlackElo "2243"]
[PlyCount "66"]
[EventDate "2022.??.??"]

1. d4 Nf6 2. c4 e6 3. Nf3 d5 4. Nc3 Bb4 5. cxd5 exd5 6. Bg5 h6 7. Bh4 O-O 8. e3
Bf5 9. Be2 Nbd7 10. Qb3 Bxc3+ 11. Qxc3 c5 12. dxc5 g5 13. Bg3 Ne4 14. Qa3 Ndxc5
15. Nd4 Bd7 16. Rc1 Qb6 17. b4 Na6 18. Bxa6 Qxa6 19. Qxa6 bxa6 20. Nb3 Rfc8 21.
Nc5 a5 22. a3 axb4 23. axb4 a5 24. O-O Bb5 25. Rfd1 axb4 26. Nxe4 dxe4 27. Rb1
b3 28. h4 Bd3 29. Rb2 f6 30. f3 Bc2 31. Rd6 Ra2 32. Rxa2 bxa2 33. Ra6 Bb3 0-1

[Event "2BLO 2122 SC Erlangen - Erfurter SK"]
[Site "?"]
[Date "2022.04.30"]
[Round "3.7"]
[White "Casper, Thomas"]
[Black "Luessmann, Thomas"]
[Result "1-0"]
[WhiteElo "2346"]
[BlackElo "2060"]
[PlyCount "65"]
[EventDate "2022.??.??"]

1. e4 e6 2. d4 d5 3. exd5 exd5 4. Nf3 Bd6 5. c4 Nf6 6. Nc3 O-O 7. Be2 dxc4 8.
Bxc4 Bg4 9. O-O Nbd7 10. h3 Nb6 11. Bb3 Bh5 12. Re1 h6 13. g4 Bg6 14. Ne5 Bh7
15. Qf3 c6 16. Bf4 Nbd5 17. Bg3 Rc8 18. Rac1 Be7 19. Rcd1 Bb4 20. Re2 Qa5 21.
Rc1 Qb6 22. Na4 Qd8 23. Nc3 Qb6 24. h4 Qxd4 25. g5 hxg5 26. hxg5 Rce8 27. gxf6
Nxf6 28. Rd1 Qb6 29. Nd7 Nxd7 30. Rxe8 Rxe8 31. Qxf7+ Kh8 32. Qxe8+ Nf8 33. Bd6
1-0

[Event "2BLO 2122 SC Erlangen - Erfurter SK"]
[Site "?"]
[Date "2022.04.30"]
[Round "3.8"]
[White "Diller, Daniel"]
[Black "Ruether, Rudolf"]
[Result "1/2-1/2"]
[WhiteElo "2105"]
[BlackElo "2053"]
[PlyCount "68"]
[EventDate "2022.??.??"]

1. d4 Nf6 2. Nf3 e6 3. Bf4 c5 4. e3 Be7 5. h3 O-O 6. Nbd2 b6 7. c3 d6 8. Bd3
Ba6 9. Bxa6 Nxa6 10. O-O Qd7 11. Qe2 Qb7 12. a4 Rfd8 13. Bg5 Nc7 14. e4 Nce8
15. Rfe1 h6 16. Bh4 Rd7 17. Bg3 Rc8 18. Rad1 a6 19. Bh4 b5 20. axb5 axb5 21. e5
Nd5 22. Bxe7 Nxe7 23. exd6 Nxd6 24. Ne5 Rdc7 25. Nb3 cxd4 26. Rxd4 Nd5 27. Qf3
Nc4 28. Nd3 Nf6 29. Qxb7 Rxb7 30. Re2 Nd5 31. Nd2 Nxd2 32. Rxd2 Nb6 33. Ne5 Nd5
34. Nd3 Nb6 {(=)} 1/2-1/2

[Event "2BLO 2122 SG 1871 Löberitz - MSA Zugzw"]
[Site "?"]
[Date "2022.04.30"]
[Round "3.1"]
[White "Short, Nigel D"]
[Black "Pallas, Sebastian"]
[Result "1-0"]
[WhiteElo "2620"]
[BlackElo "2248"]
[PlyCount "91"]
[EventDate "2022.??.??"]

1. e4 c5 2. Nf3 d6 3. d4 cxd4 4. Nxd4 Nf6 5. Nc3 a6 6. Be2 e6 7. f4 Be7 8. g4
d5 9. e5 Ne4 10. Nxe4 dxe4 11. c3 O-O 12. g5 Bc5 13. Be3 Nc6 14. Nc2 Qb6 15.
Bxc5 Qxc5 16. Qd2 Ne7 17. O-O-O b6 18. Qd6 Nd5 19. Qxc5 bxc5 20. Rhf1 a5 21. a3
Bb7 22. c4 Ba6 23. f5 Rfd8 24. fxe6 fxe6 25. Bg4 Nc7 26. Ne3 Rd4 27. b3 a4 28.
b4 Rad8 29. b5 Bc8 30. Nc2 Rd3 31. Be2 Rxd1+ 32. Rxd1 Rxd1+ 33. Kxd1 Na8 34.
Kd2 Nb6 35. Ke3 Bb7 36. Kf4 Kf7 37. Ne3 Ke7 38. h4 Kf7 39. h5 h6 40. g6+ Ke7
41. Nd1 e3 42. Nxe3 Ba8 43. Nd1 Bg2 44. Nb2 Kd8 45. Bd3 Kc7 46. Kg3 1-0

[Event "2BLO 2122 SG 1871 Löberitz - MSA Zugzw"]
[Site "?"]
[Date "2022.04.30"]
[Round "3.2"]
[White "Niegsch, Nicolas"]
[Black "Mons, Leon"]
[Result "1-0"]
[WhiteElo "2302"]
[BlackElo "2541"]
[PlyCount "57"]
[EventDate "2022.??.??"]

1. d4 Nf6 2. c4 e6 3. Nc3 Bb4 4. a3 Bxc3+ 5. bxc3 c5 6. e3 Nc6 7. Bd3 d6 8. Ne2
e5 9. O-O e4 10. Bb1 Bg4 11. f3 exf3 12. gxf3 Bh3 13. Re1 Nh5 14. Ng3 Qh4 15.
Ra2 O-O 16. Kh1 f5 17. Rg1 Rae8 18. dxc5 dxc5 19. Qd7 Re7 20. Qd5+ Kh8 21. Qxc5
Nxg3+ 22. Rxg3 Qf6 23. e4 Bf1 24. Bg5 Qxc3 25. Bxe7 f4 26. Bxf8 fxg3 27. hxg3
Qxf3+ 28. Kh2 Be2 29. Qf5 1-0

[Event "2BLO 2122 SG 1871 Löberitz - MSA Zugzw"]
[Site "?"]
[Date "2022.04.30"]
[Round "3.3"]
[White "Bromberger, Stefan"]
[Black "Schuetze, Norman"]
[Result "1-0"]
[WhiteElo "2481"]
[BlackElo "2294"]
[PlyCount "123"]
[EventDate "2022.??.??"]

1. e4 c5 2. Nf3 d6 3. d4 cxd4 4. Nxd4 Nf6 5. Nc3 a6 6. Be3 e6 7. Be2 Nbd7 8. f4
b5 9. Bf3 Bb7 10. a3 Rc8 11. O-O Rc4 12. Qe2 Qa8 13. a4 e5 14. axb5 Rxd4 15.
bxa6 Bc6 16. Bxd4 exd4 17. e5 dxe5 18. Bxc6 Qxc6 19. a7 Nb6 20. Ra6 dxc3 21.
a8=Q+ Qxa8 22. Rxa8+ Nxa8 23. Qxe5+ Kd7 24. Qb5+ Kc8 25. Qc6+ Nc7 26. Ra1 Nd7
27. b4 Bxb4 28. Ra8+ Nb8 29. Rxb8+ Kxb8 30. Qb6+ Kc8 31. Qxb4 Re8 32. Qxc3 f6
33. Qh3+ Kd8 34. Qxh7 Re7 35. g3 Ke8 36. Qg8+ Kd7 37. Kf2 Ne6 38. f5 Nc7 39. c4
Ne8 40. Qd5+ Kc7 41. Qa5+ Kd7 42. Qb5+ Kd8 43. c5 Nc7 44. Qb8+ Kd7 45. g4 Re8
46. Qb6 Re7 47. Qd6+ Ke8 48. c6 Kf8 49. h4 Ne8 50. Qd8 Kf7 51. Kf3 Nc7 52. g5
fxg5 53. hxg5 Ne8 54. Kg4 Rc7 55. Qd7+ Rxd7 56. cxd7 Ke7 57. dxe8=Q+ Kxe8 58.
Kf4 Kd7 59. Ke5 Ke7 60. Kd5 Kd7 61. Kc5 Kc7 62. f6 1-0

[Event "2BLO 2122 SG 1871 Löberitz - MSA Zugzw"]
[Site "?"]
[Date "2022.04.30"]
[Round "3.4"]
[White "Schindler, Christian"]
[Black "Hertneck, Gerald"]
[Result "1/2-1/2"]
[WhiteElo "2174"]
[BlackElo "2478"]
[PlyCount "114"]
[EventDate "2022.??.??"]

1. d4 Nf6 2. Nf3 g6 3. b3 Bg7 4. Bb2 O-O 5. e3 b6 6. Be2 Bb7 7. c4 e6 8. O-O a5
9. Nc3 Na6 10. Rc1 Qe7 11. Qc2 d6 12. Rfd1 Rfd8 13. a3 e5 14. dxe5 dxe5 15.
Rxd8+ Rxd8 16. Rd1 Rxd1+ 17. Qxd1 Nc5 18. h3 e4 19. Nd4 Ne8 20. b4 axb4 21.
axb4 Na6 22. b5 Nc5 23. Ba3 Qe5 24. Na4 Bf8 25. Nxc5 bxc5 26. Nc6 Bxc6 27. bxc6
Qc3 28. Qc1 Qa5 29. Bb2 Qb6 30. Qd2 Qxc6 31. Qd8 Bg7 32. Bg4 f5 33. Bxg7 Kxg7
34. Qe7+ Kg8 35. Be2 Nf6 36. Qd8+ Kf7 37. g4 Qd6 38. Qc8 fxg4 39. hxg4 Qd7 40.
Qb7 c6 41. Qb1 Nxg4 42. Qxe4 Nf6 43. Qe5 Qe7 44. Qf4 Ke6 45. Bg4+ Nxg4 46.
Qxg4+ Kf7 47. Qf4+ Kg7 48. e4 h6 49. Kg2 h5 50. Kg3 Qf6 51. Qxf6+ Kxf6 52. f4
g5 53. f5 Ke5 54. Kf3 h4 55. Kg4 Kf6 56. Kh3 Ke5 57. Kg4 Kf6 1/2-1/2

[Event "2BLO 2122 SG 1871 Löberitz - MSA Zugzw"]
[Site "?"]
[Date "2022.04.30"]
[Round "3.5"]
[White "Zysk, Robert"]
[Black "Mertens, Fridolin"]
[Result "1-0"]
[WhiteElo "2404"]
[BlackElo "2119"]
[PlyCount "67"]
[EventDate "2022.??.??"]

1. Nf3 Nf6 2. c4 g6 3. Nc3 Bg7 4. d4 O-O 5. e4 d6 6. Be2 e5 7. O-O Nbd7 8. Re1
c6 9. Bf1 Qe7 10. b3 Ng4 11. Bg5 f6 12. Bh4 g5 13. Bg3 h5 14. h4 Rd8 15. Qc1
Bh6 16. Qb2 Nf8 17. Rad1 Ng6 18. Na4 gxh4 19. Nxh4 Nxh4 20. Bxh4 Bg5 21. Bxg5
fxg5 22. f3 Nh6 23. dxe5 dxe5 24. Rxd8+ Qxd8 25. Qxe5 Nf7 26. Qg3 Qd4+ 27. Qf2
Qg7 28. Rd1 g4 29. Kh2 Qf6 30. f4 h4 31. g3 Ng5 32. Bg2 Ne6 33. gxh4 b5 34.
cxb5 1-0